Geography Quiz

Random Geography or Asia Quiz

Find the Star: Asian Capitals II Quiz Stats

 Plays Quiz Updated Sep 11, 2019

Score 0/49 Timer 01:00
9 Plays Today
% Correct
Moscow(2662)
81%
Beijing(7123)
77.3%
Jerusalem(15)
76%
Ankara(918)
75.1%
New Delhi(4031)
67.9%
Tokyo(9150)
67.3%
Damascus(205)
66.6%
Riyadh(1379)
66%
Tehran(1553)
65.5%
Amman(69)
65.5%
Beirut(223)
64.5%
Baghdad(873)
64%
Seoul(8066)
58.8%
Hanoi(7024)
57.5%
Islamabad(3527)
57.2%
Bangkok(6896)
57.1%
Kabul(3165)
57.1%
Nur-Sultan(3647)
56.8%
Muscat(2460)
56.4%
Baku(1619)
56.2%
Jakarta(8678)
56%
Abu Dhabi(2052)
55.7%
Kuwait City(1255)
55.7%
Ulaanbaatar(6144)
55.6%
Sana'a(2054)
55.5%
% Correct
Manila(8776)
55.4%
Tashkent(3193)
54.8%
Doha(1755)
54.8%
Bishkek(3651)
54.7%
Singapore(7928)
54.7%
Pyongyang(7898)
54.4%
Tbilisi(1387)
54.4%
Kuala Lumpur(7621)
53.6%
Yerevan(1243)
53.6%
Kathmandu(4821)
53.3%
Taipei(8259)
53.2%
Dhaka(5451)
53%
Ashgabat(2208)
52.4%
Vientiane(6876)
52.2%
Phnom Penh(7435)
52.2%
Manama(1623)
52.2%
Dili(10554)
52.1%
Dushanbe(3124)
52.1%
MalΓ©(5047)
52%
🌟 Ramallah 🌟
51.9%
Thimphu(5233)
51.8%
Bandar Seri Begawan(8761)
51.6%
Naypyidaw(6169)
51.6%
Sri Jayawardenepura Kotte(5402)
51.5%

You're not logged in!

Compare scores with friends on all Sporcle quizzes.
OR
Log In

Sporcle TV

Today on Sporcle TV


Watch our educational content, quiz creation guides, and fun videos on Sporcle TV.

Show Comments

Extras

Top Quizzes Today


Score Distribution

Your Account Isn't Verified!

In order to create a playlist on Sporcle, you need to verify the email address you used during registration. Go to your Sporcle Settings to finish the process.

Report this User

Report this user for behavior that violates our Community Guidelines.

Details: